00463 2200181 4500001002100000005001500021035002000036008004100056245006100097100002100158250000600179260003600185300001200221084001400233082000800247650001400255990001200269INLIS00000000000024420240502023414 a0010-0424000220240502 0 ind 1 aKeterampilan Menyimak dan Berbicara 1 /cEngkus Kuswandi aKuswandi, Engkus a1 aJakarta :bCV. Ipa Abong,c2008 a104 hlm a400 ENG k a400 4aNon Fiksi a0732410